Energetický audit administratívnej budovy s priestormi so zmiešaným účelom využitia
Gespeichert in:
| 1. Verfasser: | |
|---|---|
| Weitere Verfasser: | |
| Format: | Manuskript Buch |
| Sprache: | Slowakisch |
| Veröffentlicht: |
2025
|
| Schlagworte: | |
| Online-Zugang: | http://is.stuba.sk/zp/portal_zp.pl?podrobnosti=181954 CRZP |
| Tags: |
Keine Tags, Fügen Sie das erste Tag hinzu!
|
MARC
| LEADER | 00000ntm a22000003a 4500 | ||
|---|---|---|---|
| 001 | stuzp104931 | ||
| 003 | SK-STU | ||
| 005 | 20250728134125.3 | ||
| 007 | ta | ||
| 008 | 150427s2015----xo-----f-mn---000-0-slo-d | ||
| 040 | |a STU |b slo | ||
| 041 | 0 | |a slo | |
| 100 | 1 | |a Lőrinczová, Erika |u 010290 |4 aut |U SvF Stavebná fakulta |T SvF Katedra technických zariadení budov |X 97720 |U V290 |Y 31 |7 97720 | |
| 242 | 0 | 1 | |a Energy audit of an office building including rooms for miscellaneous activities |y eng |
| 245 | 1 | 0 | |a Energetický audit administratívnej budovy s priestormi so zmiešaným účelom využitia |
| 260 | |c 2025 | ||
| 650 | 4 | |a Energy certificate |2 eng | |
| 650 | 4 | |a Energy efficiency |2 eng | |
| 650 | 4 | |a Energy audit |2 eng | |
| 650 | 4 | |a Energetický audit |2 slo | |
| 650 | 4 | |a Energetická efektívnosť |2 slo | |
| 650 | 4 | |a Energetický certifikát |2 slo | |
| 700 | 1 | |a Krajčík, Michal |u 010290 |k Z1 |4 ths |U SvF Stavebná fakulta |T SvF Katedra technických zariadení budov |X 20318 |U V290 |Y 31 |7 A000020318 | |
| 856 | 4 | |u http://is.stuba.sk/zp/portal_zp.pl?podrobnosti=181954 | |
| 856 | 4 | |u https://opac.crzp.sk/?fn=detailBiblioForm&sid=226A7A544DA3649F675032E9F6D0 |z CRZP | |